|
|
|
|
| LEADER |
00000naa0a2200000 4500 |
| 001 |
590669 |
| 005 |
20250123125245.0 |
| 035 |
|
|
|a (RuTPU)RU\TPU\tpu\17
|
| 035 |
|
|
|a TPU00000017
|
| 090 |
|
|
|a 590669
|
| 100 |
|
|
|a 20011210d1962 k y0rusy50 ca
|
| 101 |
0 |
|
|a rus
|
| 102 |
|
|
|a RU
|
| 200 |
1 |
|
|a Извращение буржуазной идеологией принципа мирного сосуществования
|f И. М. Иванова
|
| 320 |
|
|
|a Библиогр. в примеч. в конце ст.
|
| 333 |
|
|
|a В фонде НТБ ТПУ отсутствует
|
| 461 |
|
|
|t Советское государство и право
|
| 463 |
|
|
|t № 10
|v С. 98-105
|d 1962
|
| 610 |
1 |
|
|a философия
|
| 610 |
1 |
|
|a общественно-политические учения
|
| 610 |
1 |
|
|a труды учёных ТПУ
|
| 700 |
|
1 |
|a Иванова
|b И. М.
|
| 801 |
|
0 |
|a RU
|b 63413507
|c 20011210
|g PSBO
|
| 801 |
|
2 |
|a RU
|b 63413507
|c 20170922
|g PSBO
|
| 942 |
|
|
|c CR
|